Top 15 Największe Miasta Świata - Statystyki

Ogólne statystyki
  • Ten quiz został rozwiązany 479 razy
  • Średni wynik to 6 z 15
Statystyki odpowiedzi
Populacja Odpowiedź % Poprawnych
37.5 mln Tokio
89%
18.8 mln Nowy Jork
80%
19.6 mln Pekin
79%
25.6 mln Szanghaj
54%
21.6 mln Meksyk
45%
28.5 mln Delhi
41%
21.7 mln Sao Paulo
33%
20.1 mln Kair
32%
20 mln Mumbaj
23%
21 mln Lagos
22%
19.5 mln Dhaka
18%
19.2 mln Osaka
18%
14.9 mln Buenos Aires
17%
15.4 mln Karaczi
9%
14.8 mln Chongqing
2%
Nie znaleziono quizów pasujących do podanych kryteriów
Rozkład punktacji
Procent ludzi z każdym wynikiem
Percentyl według liczby udzielonych odpowiedzi
Twoja historia wyników
Nie rozwiązałeś tego quizu